Eastern Utah Libraries Catalog: Duchesne, Heber, Roosevelt, & Vernal

Fantastic beasts and where to find them / (Record no. 220116)

MARC details
000 -LEADER
fixed length control field 04731cgm a2200841Ii 4500
001 - CONTROL NUMBER
control field ocn972902532
003 - CONTROL NUMBER IDENTIFIER
control field OCoLC
005 - DATE AND TIME OF LATEST TRANSACTION
control field 20170807134603.0
007 - PHYSICAL DESCRIPTION FIXED FIELD--GENERAL INFORMATION
fixed length control field vd cvaizq
008 - FIXED-LENGTH DATA ELEMENTS--GENERAL INFORMATION
fixed length control field 170217p20172016cau133 vleng d
024 1# - OTHER STANDARD IDENTIFIER
Standard number or code 883929541003
028 42 - PUBLISHER NUMBER
Publisher number 1000598607
Source Warner Home Video
035 ## - SYSTEM CONTROL NUMBER
System control number (OCoLC)972902532
040 ## - CATALOGING SOURCE
Original cataloging agency NOG
Language of cataloging eng
Transcribing agency NOG
Modifying agency TEF
-- OCLCQ
-- OCLCF
-- MR0
-- UINTA
Description conventions rda
041 1# - LANGUAGE CODE
Language code of text/sound track or separate title eng
-- fre
-- spa
Language code of original and/or intermediate translations of text eng
046 ## - SPECIAL CODED DATES
Beginning or single date created 2016
049 ## - LOCAL HOLDINGS (OCLC)
Holding library UCLB
050 #4 - LIBRARY OF CONGRESS CALL NUMBER
Classification number PN1997.2
Item number .F36 2017
082 04 - DEWEY DECIMAL CLASSIFICATION NUMBER
Classification number 791.43/72
Edition number 23
092 ## - LOCALLY ASSIGNED DEWEY CALL NUMBER (OCLC)
Feature heading DVD
245 00 - TITLE STATEMENT
Title Fantastic beasts and where to find them /
Statement of responsibility, etc Warner Bros. Pictures presents a Heyday Films production ; a David Yates film ; written by J.K. Rowling ; produced by David Heyman, J.K. Rowling, Steve Kloves, Lionel Wigram ; directed by David Yates.
246 3# - VARYING FORM OF TITLE
Title proper/short title Fantastic beasts & where to find them
264 #1 - Production, Publication, Distribution, Manufacture, and Copyright Notice.
Place of production, publication, distribution, manufacture Burbank, CA :
Name of producer, publisher, distributor, manufacturer Warner Home Video,
Date of production, publication, distribution, manufacture, or copyr 2017
264 #4 - Production, Publication, Distribution, Manufacture, and Copyright Notice.
Date of production, publication, distribution, manufacture, or copyr 2017
300 ## - PHYSICAL DESCRIPTION
Extent 1 videodiscs (133 min.) :
Other physical details sound, color ;
Dimensions 4 3/4 in.
336 ## - Content Type
Content type term two-dimensional moving image
337 ## - Media type
Media type term video
338 ## - Carrier type
Carrier type term videodisc
340 ## - PHYSICAL MEDIUM
Material base and configuration DVD video
Dimensions 4 3/4 in.
500 ## - GENERAL NOTE
General note Title from container.
500 ## - GENERAL NOTE
General note DVD release of the 2016 motion picture.
500 ## - GENERAL NOTE
General note Widescreen.
500 ## - GENERAL NOTE
General note Special features: Before Harry Potter: A new era of magic begins! ; Characters: The Magizoologist ; Characters: The Goldstein Sisters ; Characters: The No-Maj baker ; Characters: The new Salemers ; Characters: The President and the Auror ; Creatures: Meet the Fantastic beasts ; Creatures: Bowtruckle ; Creatures: Demiguise ; Creatures: Erumpent ; Creatures: Occamy ; Creatures: Thunderbird ; Design: Shaping the World of Fantastic beasts ; Design: New York City ; Design: MACUSA ; Design: Newt's magical Case ; Design: The Shaw banquet ; Design: The blind Pig ; Deleted scenes.
508 ## - CREATION/PRODUCTION CREDITS NOTE
Creation/production credits note Music, James Newton Howard ; editor, Mark Day ; director of photography, Philippe Rousselot.
511 1# - PARTICIPANT OR PERFORMER NOTE
Participant or performer note Eddie Redmayne, Katherine Waterston, Alison Sudol, Johnny Depp, Gemma Chan, Ezra Miller, Colin Farrell, Zoe Kravitz, Ron Perlman, Samantha Morton.
520 ## - SUMMARY, ETC.
Summary, etc It opens in 1926 as Newt Scamander has just completed a global excursion to find and document an extraordinary array of magical creatures. Arriving in New York for a brief stopover, he might have come and gone without incident, were it not for a No-Maj (American for Muggle) named Jacob, a misplaced magical case, and the escape of some of Newt's fantastic beasts, which could spell trouble for both the wizarding and No-Maj worlds.
521 8# - TARGET AUDIENCE NOTE
Target audience note MPAA rating: PG-13; for some fantasy action violence.
538 ## - SYSTEM DETAILS NOTE
System details note DVD ; widescreen presentation ; Dolby digital 5.1 surround.
546 ## - LANGUAGE NOTE
Language note In English, dubbed French or dubbed Spanish, with optional subtitles in English, French or Spanish.
546 ## - LANGUAGE NOTE
Language note Closed-captioned.
546 ## - LANGUAGE NOTE
Language note Audio-described.
650 #0 - SUBJECT ADDED ENTRY--TOPICAL TERM
Topical term or geographic name as entry element Witches
Form subdivision Drama.
9 (RLIN) 5695777
650 #0 - SUBJECT ADDED ENTRY--TOPICAL TERM
Topical term or geographic name as entry element Wizards
Form subdivision Drama.
9 (RLIN) 5676201
650 #0 - SUBJECT ADDED ENTRY--TOPICAL TERM
Topical term or geographic name as entry element Magic
Form subdivision Drama.
9 (RLIN) 5692888
655 #7 - INDEX TERM--GENRE/FORM
Genre/form data or focus term Action and adventure films.
Source of term lcgft
9 (RLIN) 5674017
655 #7 - INDEX TERM--GENRE/FORM
Genre/form data or focus term Fantasy films.
Source of term lcgft
9 (RLIN) 102694
655 #7 - INDEX TERM--GENRE/FORM
Genre/form data or focus term Science fiction films.
Source of term lcgft
9 (RLIN) 102750
655 #7 - INDEX TERM--GENRE/FORM
Genre/form data or focus term Feature films.
Source of term lcgft
9 (RLIN) 102699
655 #7 - INDEX TERM--GENRE/FORM
Genre/form data or focus term Fiction films.
Source of term lcgft
9 (RLIN) 5674705
655 #7 - INDEX TERM--GENRE/FORM
Genre/form data or focus term Video recordings for the hearing impaired.
Source of term lcgft
9 (RLIN) 5722594
655 #7 - INDEX TERM--GENRE/FORM
Genre/form data or focus term Video recordings for people with visual disabilities.
Source of term lcgft
9 (RLIN) 5676923
700 1# - ADDED ENTRY--PERSONAL NAME
Personal name Rowling, J. K.,
Relator term film producer,
-- screenwriter.
9 (RLIN) 46271
700 1# - ADDED ENTRY--PERSONAL NAME
Personal name Yates, David,
Dates associated with a name 1963-
Relator term film director.
9 (RLIN) 73323
700 1# - ADDED ENTRY--PERSONAL NAME
Personal name Heyman, David,
Dates associated with a name 1961-
Relator term film producer.
9 (RLIN) 72105
700 1# - ADDED ENTRY--PERSONAL NAME
Personal name Kloves, Steven,
Relator term film producer.
9 (RLIN) 30619
700 1# - ADDED ENTRY--PERSONAL NAME
Personal name Wigram, Lionel,
Relator term film producer.
9 (RLIN) 5722595
700 1# - ADDED ENTRY--PERSONAL NAME
Personal name Redmayne, Eddie,
Dates associated with a name 1982-
Relator term actor.
9 (RLIN) 74010
700 1# - ADDED ENTRY--PERSONAL NAME
Personal name Waterston, Katherine,
Relator term actor.
9 (RLIN) 5722596
700 0# - ADDED ENTRY--PERSONAL NAME
Personal name Fine Frenzy,
Dates associated with a name 1984-
Relator term actor.
9 (RLIN) 5722597
700 1# - ADDED ENTRY--PERSONAL NAME
Personal name Depp, Johnny,
Relator term actor.
9 (RLIN) 37392
700 1# - ADDED ENTRY--PERSONAL NAME
Personal name Chan, Gemma,
Dates associated with a name 1982-
Relator term actor.
9 (RLIN) 5722598
700 1# - ADDED ENTRY--PERSONAL NAME
Personal name Miller, Ezra,
Relator term actor.
9 (RLIN) 5722599
700 1# - ADDED ENTRY--PERSONAL NAME
Personal name Farrell, Colin,
Dates associated with a name 1976-
Relator term actor.
9 (RLIN) 69243
700 1# - ADDED ENTRY--PERSONAL NAME
Personal name Kravitz, Zo�e,
Dates associated with a name 1988-
Relator term actor.
9 (RLIN) 5710739
700 1# - ADDED ENTRY--PERSONAL NAME
Personal name Perlman, Ron,
Dates associated with a name 1950-
Relator term actor.
9 (RLIN) 43646
710 2# - ADDED ENTRY--CORPORATE NAME
Corporate name or jurisdiction name as entry element Warner Bros. Pictures (1969- ),
Relator term presenter.
9 (RLIN) 68691
710 2# - ADDED ENTRY--CORPORATE NAME
Corporate name or jurisdiction name as entry element Heyday Films,
Relator term production company.
9 (RLIN) 68896
710 2# - ADDED ENTRY--CORPORATE NAME
Corporate name or jurisdiction name as entry element Warner Home Video (Firm),
Relator term publisher.
9 (RLIN) 61103
730 02 - ADDED ENTRY--UNIFORM TITLE
Uniform title Fantastic beasts and where to find them (Motion picture)
9 (RLIN) 5722600
730 02 - ADDED ENTRY--UNIFORM TITLE
Uniform title Fantastic beasts and where to find them (Motion picture).
Language of a work French.
9 (RLIN) 5722601
730 02 - ADDED ENTRY--UNIFORM TITLE
Uniform title Fantastic beasts and where to find them (Motion picture).
Language of a work Spanish.
9 (RLIN) 5722602
942 ## - ADDED ENTRY ELEMENTS (KOHA)
Source of classification or shelving scheme Dewey Decimal Classification
Koha item type DVD
Holdings
Withdrawn status Lost status Source of classification or shelving scheme Damaged status Not for loan Collection code Home library Current library Shelving location Date acquired Source of acquisition Cost, normal purchase price Total Checkouts Total Renewals Full call number Barcode Date last seen Date checked out Cost, replacement price Price effective from Koha item type
    Dewey Decimal Classification     Movies Wasatch County Library Wasatch County Library Audio Visual Area 03/29/2017 Amazon 15.95 77 39 DVD Fan 34301001490921 02/18/2026 01/30/2026 15.95 03/20/2020 DVD
This project was made possible through a grant from the Institute of Museum and Library Service administered by the Utah State Library Division.

Wasatch County Library

  • 465 East 1200 South, Heber City, Utah 84032
  • Phone 435-654-1511 | Fax 435-654-6456

Hours

  • Monday - Friday 9:30 AM - 8:00 PM
  • Saturday 9:30 AM - 1:30 PM
  • Closed Sundays and Holidays